000
00328nam a2200145Ia 4500
008
230312s9999||||xx |||||||||||||| ||und||
020
_a
1-57990-093-3
082
_a
720.19
_b
IRE-G
100
_a
Irene
245
0
_a
Great Wire Jewelry
260
_b
Lark book
_a
UK
_c
1998
300
_a
58
650
_a
Architecture
942
_c
BK
999
_c
11683
_d
11683